000
00253nam a22001097a 4500
040
_c
SCME
100
_a
Dowling Norman E.
_9
10026
245
_a
Mechanical Behavior of materials
250
_a
4th ed.
260
_a
India
_b
Pearson
_c
2017
942
_2
ddc
_c
BK
999
_c
608437
_d
608437